000
00272nam a2200109Ia 4500
001
588894
005
20250717120839.0
008
250717s9999 xx 000 0 und d
245
0
_a
Y-7 BABÜR ŞAH
_c
CANAN KUŞ BÜYÜKTAŞ
260
_b
ERDEM YAYINLARI
_c
2018
300
_b
110
999
_c
588894
_d
588894